Liverpool 21st century best starting XI - Statistics

General Stats
  • This quiz has been taken 148 times
  • The average score is 9 of 11
Answer Stats
Position Player % Correct
GK Alisson
99%
RW Salah
99%
LW Mané
96%
CB Van Dijk
96%
LB Robertson
92%
RB Alexander-Arnold
91%
CM Gerrard
90%
CF Firmino
87%
CM Henderson
74%
CB Matip
66%
AM Coutinho
57%
No matching quizzes found
Score Distribution
Percent of People with Each Score
Percentile by Number Answered
Your Score History
You have not taken this quiz